Countries With a Population below 100,000 - Statistics

General Stats
  • This quiz has been taken 19 times
  • The average score is 12 of 12
Answer Stats
Continent Answer % Correct
Europe Liechtenstein
100%
Oceania Marshall Islands
100%
Oceania Nauru
100%
North America St. Kitts and Nevis
100%
Oceania Tuvalu
100%
Europe Vatican City
100%
Europe Andorra
95%
North America Antigua and Barbuda
95%
Europe Monaco
95%
Europe San Marino
95%
North America Dominica
89%
Oceania Palau
89%
No matching quizzes found
Score Distribution
Percent of People with Each Score
Percentile by Number Answered
Your Score History
You have not taken this quiz